Vývoj soukromého práva na území českých zemí II. díl

Bibliographic Details
Main Authors: Vojáček, Ladislav, 1952- (Author), Schelle, Karel, 1952- (Author), Tauchen, Jaromír, 1981- (Author)
Format: Book
Language:Czech
PhysicalDescription:S. 621-1026 s. 25 cm
Published: Brno Masarykova univerzita 2012
ISBN:9788021060074
Edition:1. vyd.
Series:Spisy Právnické fakulty Masarykovy univerzity v Brně. Řada teoretická svazek 427
Subjects:

MARC

LEADER 00000nam a2200000 a 4500
001 vtls010480134
003 SK-MaSNL
005 20260425230109.0
008 240314s2012 xr f 000 0 cze
020 |a 9788021060074  |q (viaz.) 
040 |a SNK  |b slo  |c SNK  |e AACR2 
041 0 |a cze  |b eng  |b ger 
043 |a e-xr--- 
044 |a xr  |c CZ 
072 7 |a 347  |x Súkromné právo  |2 konspekt 
080 |a 347  |2 2001 
080 |a (091)  |2 2001 
080 |a (437.3)  |2 2001 
080 |a 34(091)  |2 2001 
080 |a 347.7  |2 2001 
080 |a 349.2  |2 2001 
100 1 |a Vojáček, Ladislav,  |d 1952-  |4 aut  |9 11809 
245 1 0 |a Vývoj soukromého práva na území českých zemí  |n II. díl  |c Ladislav Vojáček, Karel Schelle, Jaromír Tauchen a kol. 
250 |a 1. vyd. 
260 |a Brno  |b Masarykova univerzita  |c 2012 
300 |a S. 621-1026 s.  |c 25 cm 
490 1 |a Spisy Právnické fakulty Masarykovy univerzity v Brně. Řada teoretická  |v svazek 427 
546 |a Res. angl., nem. 
650 0 7 |a súkromné právo  |2 SNKPH  |9 2244 
650 0 7 |a Privat law  |x history  |2 SNKPHeng  |9 416337 
650 0 7 |a obchodné právo  |2 SNKPH  |9 2216 
650 0 7 |a pracovné právo  |2 SNKPH  |9 982 
650 0 7 |a právne dejiny  |2 SNKPH  |9 977 
650 0 7 |a History of law  |2 SNKPHeng  |9 266462 
650 0 7 |a Commercial law  |2 SNKPHeng  |9 266959 
650 0 7 |a Labor laws and legislation  |2 SNKPHeng  |9 266962 
651 7 |a Česko  |2 SNKPH  |9 16753 
651 7 |a Czechia  |2 SNKPHeng  |9 170107 
655 7 |a monografie  |2 SNKPH  |9 70139 
655 7 |a Monographs  |2 SNKPHeng  |9 120675 
700 1 |a Schelle, Karel,  |d 1952-  |4 aut  |9 88115 
700 1 |a Tauchen, Jaromír,  |d 1981-  |4 aut  |9 237771 
810 2 |a Masarykova univerzita.  |b Právnická fakulta  |t Spisy  |p Řada teoretická  |9 178769 
852 |a Štátna vedecká knižnica v Banskej Bystrici 
919 |a 978-80-210-6007-4 
999 |c 666513  |d 668443 
952 |a SNK  |b SNKPULT  |y VYP  |7 0  |p 17A1028794  |o snkIB 72698/2  |i snk2013/1829  |8 1  |0 0  |1 0  |4 0  |d 2013-01-24  |l 1  |m 1  |q 2026-05-18  |r 2026-03-19 13:51:10  |s 2026-03-19  |w 2026-02-23